Steal a Brainrot (Easy) - Statistics

General Stats
  • This quiz has been taken 120 times
  • The average score is 5 of 6
Answer Stats
Question Answer % Correct
Who is the owner of SAB Sammy
94%
What is the main point of SAB? To steal other peoples brainrots
92%
What is the best brainrot out of these four Dragon Cannoeli
87%
What is the least best in SAB Noobine Pizzanini
87%
What does rebirthing do? Gets rid of all your brainrots and money
86%
What is something you get in rebirth 4 Emerald slap
59%
No matching quizzes found
Score Distribution
Percent of People with Each Score
Percentile by Number Answered
Your Score History
You have not taken this quiz